العودة من المدرسة : مكانة الأبوين في التعلم المدرسي / (رقم التسجيلة. 115514)

تفاصيل مارك
000 -LEADER
fixed length control field 00805nam a22002417a 4500
005 - DATE AND TIME OF LATEST TRANSACTION
control field 20251108174704.0
008 - FIXED-LENGTH DATA ELEMENTS--GENERAL INFORMATION
fixed length control field 250721s9999 xx 000 0 ara d
020 ## - INTERNATIONAL STANDARD BOOK NUMBER
International Standard Book Number 9953720576
082 14 - DEWEY DECIMAL CLASSIFICATION NUMBER
Classification number 649.1/بيل
100 1# - MAIN ENTRY--PERSONAL NAME
Personal name بيليفو، ماري كلود
Relator term مؤلف
245 10 - TITLE STATEMENT
Title العودة من المدرسة : مكانة الأبوين في التعلم المدرسي /
264 1# - PRODUCTION, PUBLICATION, DISTRIBUTION, MANUFACTURE, AND COPYRIGHT NOTICE
Place of production, publication, distribution, manufacture بيروت :
Name of producer, publisher, distributor, manufacturer دار القلم للطباعة والنشر و التوزيع،
Date of production, publication, distribution, manufacture, or copyright notice [200-].
300 ## - PHYSICAL DESCRIPTION
Extent 190 ص.
490 0# - SERIES STATEMENT
Series statement سلسلة الاهل
650 17 - SUBJECT ADDED ENTRY--TOPICAL TERM
Topical term or geographic name as entry element الآباء
650 17 - SUBJECT ADDED ENTRY--TOPICAL TERM
Topical term or geographic name as entry element الامهات
650 17 - SUBJECT ADDED ENTRY--TOPICAL TERM
Topical term or geographic name as entry element الاسره
650 17 - SUBJECT ADDED ENTRY--TOPICAL TERM
Topical term or geographic name as entry element الاطفال
700 1# - ADDED ENTRY--PERSONAL NAME
Personal name الرقا، مصطفى
Relator term مترجم
700 1# - ADDED ENTRY--PERSONAL NAME
Personal name الكردي، بسام
Relator term مترجم
942 ## - ADDED ENTRY ELEMENTS (KOHA)
Source of classification or shelving scheme Dewey Decimal Classification
Koha item type كتب
المقتنيات
حالة السحب حالة الفقدان مصدر التصنيف حالة التلف غير قابل للإعارة المكتبة الرئيسية المكتبة الحالية موقع الرف تاريخ التزويد الرقم المتسلسل Total Checkouts رقم الإستدعاء الباركود تاريخ آخر ظهور تاريخ الفاتورة نوع المادة (كوها)
    Dewey Decimal Classification     المكتبة المركزية المكتبة المركزية الإعارة 28/07/2025 1248420   649.1/بيل PLD00062058 28/07/2025 28/07/2025 كتب
    Dewey Decimal Classification     مكتبة حمزة العامة مكتبة حمزة العامة الإعارة 06/01/2009 1248422   649.1/بيل PLD00062575 28/07/2025 06/01/2009 كتب
    Dewey Decimal Classification     مكتبة صويلح العامة مكتبة صويلح العامة الإعارة 06/01/2009 1248423   649.1/بيل PLD00062576 28/07/2025 06/01/2009 كتب
    Dewey Decimal Classification     مكتبة وادي السير العامة مكتبة وادي السير العامة الإعارة 06/01/2009 1248427   649.1/بيل PLD00062580 28/07/2025 06/01/2009 كتب
Implemented & Customized by: BBB with SCIT (Smart Chains for Information Technology)

Powered by Koha